Gaming Quiz

Random Gaming or World Quiz
Score 0/23 Timer 10:00
0 Plays Today
All-time WSOP Cashes Player % Correct
75Phil Hellmuth
95.6%
42Johnny Chan
77.3%
42Daniel Negreanu
75.9%
65Men 'The Master' Nguyen
65.2%
59Chris 'Jesus' Ferguson
58.4%
57Erik Seidel
52.6%
41Howard Lederer
45.2%
55T.J. Cloutier
43%
41Allen Cunningham
41.6%
49John Juanda
35.3%
47'Miami' John Cernuto
25.2%
44Barry Greenstein
24.7%
All-time WSOP Cashes Player % Correct
46Thor Hansen
21.9%
57Berry Johnston
18.9%
43An 'The Boss' Tran
14.8%
55Humberto Brenes
12.1%
42Dewey Tomko
10.1%
46Mike Sexton
8.2%
51Chau Giang
6%
48David Chiu
6%
47Chris Bjorin
4.1%
41Tony Cousineau
3.6%
46Brent Carter
2.2%
Come Together.
Have Fun.
All Virtual.
We all need to come together. Play Sporcle's virtual live trivia to have fun, connect with people, and get your trivia on. Join a live hosted trivia game for your favorite pub trivia experience done virtually. If a virtual private party is more your thing, go here for details.

You're not logged in!

Compare scores with friends on all Sporcle quizzes.
OR
Log In

Sporcle TV

Today on Sporcle TV


Watch our educational content, quiz creation guides, and fun videos on Sporcle TV.

Show Comments

Extras

Top Quizzes Today


Score Distribution

Paid Content

Your Account Isn't Verified!

In order to create a playlist on Sporcle, you need to verify the email address you used during registration. Go to your Sporcle Settings to finish the process.

Report this User

Report this user for behavior that violates our Community Guidelines.

Details: